header

Refounding corporate governance (Record no. 228627)

MARC details
000 -LEADER
fixed length control field 01266nam a2200289 a 4500
100 1# - MAIN ENTRY--AUTHOR NAME
Personal name Cutting, Bruce.
245 10 - TITLE STATEMENT
Title Refounding corporate governance
260 ## - PUBLICATION, DISTRIBUTION, ETC. (IMPRINT)
Place of publication [Saif Zone, Sharjah, United Arab Emirates] :
Name of publisher Bentham Science Publishers Ltd.,
Year of publication [2011]
300 ## - PHYSICAL DESCRIPTION
Number of Pages ii, 209 p. :
Other physical details ill. (some col.).
490 0# - SERIES STATEMENT
Series statement Public policy, administration and management,
650 #0 - SUBJECT ADDED ENTRY--TOPICAL TERM
Topical Term Corporate governance
700 1# - ADDED ENTRY--PERSONAL NAME
Personal name Kouzmin, Alexander.
856 40 - ELECTRONIC LOCATION AND ACCESS
Uniform Resource Identifier http://site.ebrary.com/lib/rucke/Doc?id=10492617

No items available.

© 2026 Rongo University
Contact us: librarian | system librarian | Rongo university